Taiwanská ekonomika stojí a padá na dopyte po technológiách
Stručná informácia o základných zemepisných údajoch Taiwanu. Pohľad na makroekonomický vývoj Taiwanu. Hlavní obchodní partneri. Vzťah Taiwan a kontinentálna Čína. Vstup taiwanského kapitálu na Slovensko a do Čiech. Úroveň zahraničného ochodu. Základné informácie o taiwanských hospodárskych a kultúr...
Salvato in:
| Autore principale: | |
|---|---|
| Natura: | Capitolo di libro |
| Lingua: | slovacco |
| Soggetti: | |
| Tags: |
Nessun Tag, puoi essere il primo ad aggiungerne!!
|
MARC
| LEADER | 00000naa$a2200000$$$4500 | ||
|---|---|---|---|
| 001 | 0002417 | ||
| 005 | 20230925124040.4 | ||
| 041 | 0 | |a slo | |
| 044 | |a SK | ||
| 245 | 1 | 0 | |a Taiwanská ekonomika stojí a padá na dopyte po technológiách |c aut. Ivan Špáni |
| 520 | |a Stručná informácia o základných zemepisných údajoch Taiwanu. Pohľad na makroekonomický vývoj Taiwanu. Hlavní obchodní partneri. Vzťah Taiwan a kontinentálna Čína. Vstup taiwanského kapitálu na Slovensko a do Čiech. Úroveň zahraničného ochodu. Základné informácie o taiwanských hospodárskych a kultúrnych kanceláriách. | ||
| 610 | 2 | 0 | |a situácia hospodárska |
| 610 | 2 | 0 | |a ukazovatele makroekonomické |
| 610 | 2 | 0 | |a produkt domáci hrubý |
| 610 | 2 | 0 | |a inflácia |
| 610 | 2 | 0 | |a investície zahraničné |
| 610 | 2 | 0 | |a obchod zahraničný |
| 610 | 2 | 0 | |a Čína |
| 610 | 2 | 0 | |a Slovensko |
| 610 | 2 | 0 | |a Česko |
| 610 | 2 | 0 | |a Taiwan |
| 100 | 1 | |a Špáni, Ivan | |